<?xml version="1.0" encoding="UTF-8"?><?xml-stylesheet type="text/xsl" href="static/style.xsl"?><OAI-PMH xmlns="http://www.openarchives.org/OAI/2.0/" xmlns:xsi="http://www.w3.org/2001/XMLSchema-instance" xsi:schemaLocation="http://www.openarchives.org/OAI/2.0/ http://www.openarchives.org/OAI/2.0/OAI-PMH.xsd"><responseDate>2026-04-29T02:38:01Z</responseDate><request verb="GetRecord" identifier="oai:repisalud.isciii.es:20.500.12105/12576" metadataPrefix="marc">https://repisalud.isciii.es/rest/oai/request</request><GetRecord><record><header><identifier>oai:repisalud.isciii.es:20.500.12105/12576</identifier><datestamp>2025-04-30T11:23:48Z</datestamp><setSpec>com_20.500.12105_2052</setSpec><setSpec>com_20.500.12105_2051</setSpec><setSpec>col_20.500.12105_19608</setSpec></header><metadata><record xmlns="http://www.loc.gov/MARC21/slim" xmlns:dcterms="http://purl.org/dc/terms/" xmlns:doc="http://www.lyncode.com/xoai" xmlns:xsi="http://www.w3.org/2001/XMLSchema-instance" xsi:schemaLocation="http://www.loc.gov/MARC21/slim http://www.loc.gov/standards/marcxml/schema/MARC21slim.xsd">
   <leader>00925njm 22002777a 4500</leader>
   <datafield ind2=" " ind1=" " tag="042">
      <subfield code="a">dc</subfield>
   </datafield>
   <datafield ind2=" " ind1=" " tag="720">
      <subfield code="a">García-Arenzana, N</subfield>
      <subfield code="e">author</subfield>
   </datafield>
   <datafield ind2=" " ind1=" " tag="720">
      <subfield code="a">Navarrete-Muñoz, Eva María</subfield>
      <subfield code="e">author</subfield>
   </datafield>
   <datafield ind2=" " ind1=" " tag="720">
      <subfield code="a">Vázquez-Carrete, J A</subfield>
      <subfield code="e">author</subfield>
   </datafield>
   <datafield ind2=" " ind1=" " tag="720">
      <subfield code="a">Moreno, M P</subfield>
      <subfield code="e">author</subfield>
   </datafield>
   <datafield ind2=" " ind1=" " tag="720">
      <subfield code="a">Vidal, C</subfield>
      <subfield code="e">author</subfield>
   </datafield>
   <datafield ind2=" " ind1=" " tag="720">
      <subfield code="a">Salas, D</subfield>
      <subfield code="e">author</subfield>
   </datafield>
   <datafield ind2=" " ind1=" " tag="720">
      <subfield code="a">Ederra, María</subfield>
      <subfield code="e">author</subfield>
   </datafield>
   <datafield ind2=" " ind1=" " tag="720">
      <subfield code="a">Pedraz, C</subfield>
      <subfield code="e">author</subfield>
   </datafield>
   <datafield ind2=" " ind1=" " tag="720">
      <subfield code="a">Collado-García, F</subfield>
      <subfield code="e">author</subfield>
   </datafield>
   <datafield ind2=" " ind1=" " tag="720">
      <subfield code="a">Sánchez-Contador, Carmen</subfield>
      <subfield code="e">author</subfield>
   </datafield>
   <datafield ind2=" " ind1=" " tag="720">
      <subfield code="a">González-Román, I</subfield>
      <subfield code="e">author</subfield>
   </datafield>
   <datafield ind2=" " ind1=" " tag="720">
      <subfield code="a">García-López, M</subfield>
      <subfield code="e">author</subfield>
   </datafield>
   <datafield ind2=" " ind1=" " tag="720">
      <subfield code="a">Miranda, J</subfield>
      <subfield code="e">author</subfield>
   </datafield>
   <datafield ind2=" " ind1=" " tag="720">
      <subfield code="a">Peris, M</subfield>
      <subfield code="e">author</subfield>
   </datafield>
   <datafield ind2=" " ind1=" " tag="720">
      <subfield code="a">Moreo, P</subfield>
      <subfield code="e">author</subfield>
   </datafield>
   <datafield ind2=" " ind1=" " tag="720">
      <subfield code="a">Santamariña, C</subfield>
      <subfield code="e">author</subfield>
   </datafield>
   <datafield ind2=" " ind1=" " tag="720">
      <subfield code="a">Perez-Gomez, Beatriz</subfield>
      <subfield code="e">author</subfield>
   </datafield>
   <datafield ind2=" " ind1=" " tag="720">
      <subfield code="a">Vioque, J</subfield>
      <subfield code="e">author</subfield>
   </datafield>
   <datafield ind2=" " ind1=" " tag="720">
      <subfield code="a">Pollan-Santamaria, Marina</subfield>
      <subfield code="e">author</subfield>
   </datafield>
   <datafield ind2=" " ind1=" " tag="260">
      <subfield code="c">2011</subfield>
   </datafield>
   <datafield ind2=" " ind1=" " tag="520">
      <subfield code="a">[ES]  Introducción:Una dieta saludable es especialmenteimportante durante la menopausia, periodo en el queaumenta el riesgo de varios problemas de salud. Analiza-mos la dieta de mujeres peri y postmenopáusicas españolas y el grado de cumplimiento de las recomendacionesactuales. Material y métodos: Estudio transversal en 3.574 mujeres de 45-68 años que acuden al cribado de cáncer demama en 7 centros (A Coruña, Barcelona, Burgos, Palmade Mallorca, Pamplona, Valencia y Zaragoza). Se recogióla dieta mediante un cuestionario de frecuencia de ali-mentos validado para población española. Para la valoración del cumplimiento de las recomendaciones actuales seutilizaron  los  rangos  recomendados  por  la  SociedadEspañola de Nutrición Comunitaria para ingesta de gru-pos de alimentos y las Ingestas Diarias Recomendadas (IDR) para energía, vitaminas y minerales de la Federa-ción Española de Nutrición, Alimentación y Dietética. Resultados: El 29% de las mujeres eran obesas y un42% tenía sobrepeso. El aporte calórico medio fue de 2.053 kcal (DE: 480). El perfil calórico general fue de: 43% de la energía aportada por lo carbohidratos, 36% por las grasas, 20% por las proteínas. Se evidenció una ingesta deficiente de vitamina D en todos los nodos delestudio, con una ingesta media general de 2,14 μg/día. Se detectó a su vez una ingesta deficitaria de vitamina E en A Coruña  y  Burgos.  Todos  los  centros  presentaron  una ingesta elevada de productos lácteos y de legumbres. El consumo  de  frutas  y  verduras  fue  muy  heterogéneo siendo especialmente elevada su ingesta en Mallorca yValencia mientras que fue baja para ambos grupos de alimentos en A Coruña. La ingesta de aceite de oliva fue elevada en todos los centros exceptuando Burgos con un 74,3%  de  las  mujeres  estudiadas  por  debajo  de  las  3 raciones al día recomendadas. Conclusiones: Una dieta con menos grasas y proteínasy más rica en vegetales, frutos secos y alimentos ricos en hidratos de carbono equilibraría el balance energético y mejoraría  la  calidad  de  la  dieta  corrigiendo  las  bajas ingestas de vitaminas D y E. Estas recomendaciones son especialmente importantes en las ciudades más alejadasde la costa mediterránea donde se han detectado mayores incumplimientos de las recomendaciones vigentes y una dieta más alejada de la dieta mediterránea.  [EN]  A healthy diet is especially important during menopause, a period which increases the risk of various health problems. We analyzed the diet of periand postmenopausal Spanish women and the degree of compliance with current recommendations. We studied 3574 women 45-68 years old who attended breast cancer screening programmes in 7 centres (A Coruña, Barcelona, Burgos, Palma de Mallorca, Pamplona, Valencia and Zaragoza). Diet information was collected using a food frequency questionnaire validated for the Spanish population. For the assessment of compliance with current guidelines we used the recommendations by the Spanish Society of Community Nutrition for food groups intake and by the Spanish Federation of Nutrition, Food and Dietetics for energy, vitamins and minerals intake. The 29% of women were obese and 42% overweight. The average caloric intake was 2.053 kcal (SD 480). The general energy profile was: 43% of the energy from the carbohydrates, 36% from fats, and 20% from proteins. There was a low vitamin D intake in all centres of the study, with an overall mean intake of 2.14 mg/day. A deficit of vitamin E intake in A Coruña and Burgos was also detected. Intake of dairy products and vegetables was high in all the study centers. The consumption of fruits and vegetables was very heterogeneous, with high intakes observed in Mallorca and Valencia and low for both food groups in A Coruña. The olive oil intake was high in all centers except Burgos with 74.3% of the women studied below the recommended 3 servings per day. A diet with less fat and protein and a higher consumption of vegetables, nuts and foods rich in carbohydrate might balance the energy intake and improve the quality of the diet correcting the low intakes of vitamins D and E. These recommendations are especially important in cities far from the Mediterranean coast where more breaches have been detected over the current recommendations with a lower adherence to the Mediterranean diet.</subfield>
   </datafield>
   <datafield ind1="8" ind2=" " tag="024">
      <subfield code="a">Nutr Hosp  . Jul-Aug 2011;26(4):863-73.</subfield>
   </datafield>
   <datafield ind1="8" ind2=" " tag="024">
      <subfield code="a">http://hdl.handle.net/20.500.12105/12576</subfield>
   </datafield>
   <datafield ind1="8" ind2=" " tag="024">
      <subfield code="a">22470036</subfield>
   </datafield>
   <datafield ind1="8" ind2=" " tag="024">
      <subfield code="a">10.1590/S0212-16112011000400029</subfield>
   </datafield>
   <datafield ind1="8" ind2=" " tag="024">
      <subfield code="a">1699-5198</subfield>
   </datafield>
   <datafield ind1="8" ind2=" " tag="024">
      <subfield code="a">Nutricion hospitalaria</subfield>
   </datafield>
   <datafield tag="653" ind2=" " ind1=" ">
      <subfield code="a">Dieta</subfield>
   </datafield>
   <datafield tag="653" ind2=" " ind1=" ">
      <subfield code="a">Menopausia</subfield>
   </datafield>
   <datafield tag="653" ind2=" " ind1=" ">
      <subfield code="a">España</subfield>
   </datafield>
   <datafield tag="653" ind2=" " ind1=" ">
      <subfield code="a">Hábitos die-téticos</subfield>
   </datafield>
   <datafield tag="653" ind2=" " ind1=" ">
      <subfield code="a">Vitaminas</subfield>
   </datafield>
   <datafield tag="653" ind2=" " ind1=" ">
      <subfield code="a">Diet</subfield>
   </datafield>
   <datafield tag="653" ind2=" " ind1=" ">
      <subfield code="a">Menopause</subfield>
   </datafield>
   <datafield tag="653" ind2=" " ind1=" ">
      <subfield code="a">Spain</subfield>
   </datafield>
   <datafield tag="653" ind2=" " ind1=" ">
      <subfield code="a">Dietary habits</subfield>
   </datafield>
   <datafield tag="653" ind2=" " ind1=" ">
      <subfield code="a">Vitamins</subfield>
   </datafield>
   <datafield ind2="0" ind1="0" tag="245">
      <subfield code="a">Cumplimiento de las recomendaciones dietéticas vigentes y variabilidadgeográfica de la dieta en mujeres participantes en 7 programas de cribadode cáncer de mama en España</subfield>
   </datafield>
</record></metadata></record></GetRecord></OAI-PMH>